Financial theory and corporate policy
Saved in:
| Main Authors: | , |
|---|---|
| Format: | Bog |
| Sprog: | engelsk |
| Udgivet: |
Reading
Addison-Wesley
1983
|
| Udgivelse: | 2a. ed |
| Fag: | |
| Tags: |
Tilføj Tag
Ingen Tags, Vær først til at tagge denne postø!
|
MARC
| LEADER | 00000nam a2200000 a 4500 | ||
|---|---|---|---|
| 001 | UCQ0685 | ||
| 003 | CL-VaPUC | ||
| 008 | 980703e19830000US |||||||||||||||||eng|d | ||
| 082 | 0 | 4 | |a 658.15 |b COP |2 21 |
| 100 | 0 | |a Copeland, Thomas E |e author |9 413964 | |
| 700 | 0 | |a Weston, John Frederick |e author |9 413965 | |
| 245 | 1 | 0 | |a Financial theory and corporate policy |
| 250 | |a 2a. ed | ||
| 300 | |a 795 p | ||
| 942 | |c BK | ||
| 945 | |d 19980703 00:00:00 |a cmena | ||
| 260 | |a Reading |b Addison-Wesley |c 1983 | ||
| 650 | 0 | |a Administración financiera |9 261146 | |
| 650 | 0 | |a Administración de empresas |9 260833 | |
| 650 | 0 | |a Capital |9 263726 | |
| 650 | 0 | |a Inversiones |9 345867 | |
| 650 | 0 | |a Toma de decisiones |9 257530 | |
| 650 | 0 | |a Control presupuestario |9 345693 | |
| 650 | 0 | |a Precios |9 260787 | |
| 650 | 7 | |a ELABORACION DE POLITICAS |2 CL-VaPUC |9 335865 | |
| 650 | 0 | |a Costos |9 261063 | |
| 650 | 0 | |a Matemáticas financieras |9 260347 | |
| 583 | |a last modification |c 19980703 00:00:00 |k Rodrigo Vera | ||
| 999 | |c 271722 |d 271720 | ||
| 952 | |0 0 |1 0 |4 0 |6 658_150000000000000_COP_1983 |7 0 |8 P |9 306469 |a BIBENE |b BIBENE |d 2019-11-20 |i 1430211 |o 658.15 COP 1983 |p 1430211 |r 2025-01-15 |w 2019-11-20 |y BK |k ICO | ||